Central Library OPAC University of Rajshahi

Perception and the physical world / (Record no. 30722)

MARC details
000 -LEADER
fixed length control field 00872nam a2200277 a 4500
001 - CONTROL NUMBER
control field 30722
003 - CONTROL NUMBER IDENTIFIER
rucl marc code BD-RjUL
005 - DATE AND TIME OF LATEST TRANSACTION
control field 20211209051616.0
008 - FIXED-LENGTH DATA ELEMENTS--GENERAL INFORMATION
fixed length control field 140412r19731961enk b 001 0 eng d
020 ## - INTERNATIONAL STANDARD BOOK NUMBER
International Standard Book Number 0710036035
035 ## - SYSTEM CONTROL NUMBER
System control number (BD-RjUL)30809
040 ## - CATALOGING SOURCE
Original cataloging agency RSC
Modifying agency EUX
Language of cataloging eng
Transcribing agency BD-RjUL
041 ## - LANGUAGE CODE
Language code of text/sound track or separate title eng
082 ## - DEWEY DECIMAL CLASSIFICATION NUMBER
Classification number 152
Author mark and year ARP 1973
100 1# - MAIN ENTRY--PERSONAL NAME
Personal name Armstrong, D. M.
Fuller form of name (David Malet),
Dates associated with a name 1926-
9 (RLIN) 3161
245 10 - TITLE STATEMENT
Title Perception and the physical world /
Statement of responsibility, etc. by D.M. Armstrong.
260 ## - PUBLICATION, DISTRIBUTION, ETC. (IMPRINT)
Place of publication, distribution, etc. London :
Name of publisher, distributor, etc. Routledge & Kegan Paul,
Date of publication, distribution, etc. 1961 [Reprinted 1973]
300 ## - PHYSICAL DESCRIPTION
Pagination xii, 196 p. ;
Size 23 cm.
504 ## - BIBLIOGRAPHY, ETC. NOTE
Bibliography, etc Includes bibliographical footnotes and index.
650 #0 - SUBJECT ADDED ENTRY--TOPICAL TERM
Topical term or geographic name as entry element Knowledge, Theory of.
9 (RLIN) 93375
Topical term or geographic name as entry element Perception.
9 (RLIN) 93376
830 #0 - SERIES ADDED ENTRY--UNIFORM TITLE
Uniform title International library of philosophy and scientific method
942 ## - ADDED ENTRY ELEMENTS (KOHA)
Source of classification or shelving scheme Dewey Decimal Classification
Koha item type Books
Holdings
Lost status Source of classification or shelving scheme Damaged status Not for loan Collection code Permanent Location Current Location Shelving location Date acquired Source of acquisition Cost, normal purchase price Total Checkouts Full call number Date last seen Copy number Koha item type Date checked out
  Dewey Decimal Classification     Non-fiction Central Library, University of Rajshahi Central Library, University of Rajshahi   13/05/1975 Gonathan 2.50   152 ARP 1973 12/04/2014 C-3 Books  
  Dewey Decimal Classification     Non-fiction Central Library, University of Rajshahi Central Library, University of Rajshahi   31/05/1975 Gonathan 2.50   152 ARP 1973 12/04/2014 C-2 Books  
  Dewey Decimal Classification     Non-fiction Central Library, University of Rajshahi Central Library, University of Rajshahi   31/05/1975 Gonathan 2.50   152 ARP 1973 12/04/2014 C-4 Books  
  Dewey Decimal Classification     Non-fiction Central Library, University of Rajshahi Central Library, University of Rajshahi   25/11/1975 Gonathan 2.50 1 152 ARP 1973 25/04/2016 C-5 Books 10/04/2016
  Dewey Decimal Classification   Not For Loan Non-fiction Central Library, University of Rajshahi Central Library, University of Rajshahi Reading Room 06/03/1975 Gonathan 2.50   152 ARP 1973 12/04/2014 C-1 Books